000 00336pam a2200133a 44500
008 230405s2001 xxu||||| |||| 00| 0 eng d
041 _aENG
100 _aP D SETHI
245 _aHPLC HIGH PERFORMANCE LIDOID CHROMATOGRAPHY
250 _a1
260 _aNEW YORK
_bJOHN WILLY & SONS NEW YORK
_c2001
300 _a895
906 _a3206
999 _c278477
_d278477